Public goods for economic development.
| Corporate Author: | |
|---|---|
| Format: | Book |
| Published: |
Vienna:
United Nations Industrial Development Organization (UNIDO),
2008.
|
| Subjects: |
| LEADER | 00486cam a2200145 7i4500 | ||
|---|---|---|---|
| 001 | 0000026279 | ||
| 005 | 20110513090000.0 | ||
| 020 | 0 | 0 | |a 9789211064445 |
| 090 | 0 | 0 | |a I 338.9 |b UNI |
| 110 | 2 | 0 | |a United Nations Industrial Development Organization (UNIDO) |
| 245 | 2 | 0 | |a Public goods for economic development. |
| 260 | 0 | 0 | |a Vienna: |b United Nations Industrial Development Organization (UNIDO), |c 2008. |
| 300 | # | # | |a 183p. |
| 650 | 0 | 0 | |a Public goods |
| 999 | |a 0000027730 |b Book |c Tariffs |e Business Information Centre | ||


